Normal view
MARC view
Entry Personal Name
001 - CONTROL NUMBER
- control field: 8924
003 - CONTROL NUMBER IDENTIFIER
- control field: Ke-BoTe
005 - DATE AND TIME OF LATEST TRANSACTION
- control field: 20220831101047.0
008 - FIXED-LENGTH DATA ELEMENTS
- fixed length control field: 220831|| aca||aabn | a|a d
040 ## - CATALOGING SOURCE
- Original cataloging agency: Ke-BoTe
- Transcribing agency: Ke-BoTe
100 ## - HEADING--PERSONAL NAME
- Personal name: Laubscher,Sielie
670 ## - SOURCE DATA FOUND
- Source citation: Work cat.: (Ke-BoTe)4389: Laubscher,Sielie, Dark forest of the soul : , c1999.
